Out of service (Record no. 67921)
[ view plain ]
| 000 -LEADER | |
|---|---|
| fixed length control field | 01091cam a2200229 4500 |
| 001 - CONTROL NUMBER | |
| control field | ABS64298 |
| 008 - FIXED-LENGTH DATA ELEMENTS--GENERAL INFORMATION | |
| fixed length control field | 010806n2001 000 0 eng u |
| 035 ## - SYSTEM CONTROL NUMBER | |
| System control number | (Sirsi) u113970 |
| 100 ## - MAIN ENTRY--PERSONAL NAME | |
| Personal name | Marsh, M. |
| 245 ## - TITLE STATEMENT | |
| Title | Out of service |
| 260 ## - PUBLICATION, DISTRIBUTION, ETC. | |
| Date of publication, distribution, etc. | 2001 |
| 490 ## - SERIES STATEMENT | |
| Series statement | Estates Gazette |
| Volume/sequential designation | (0129) 21 July 2001, 117(1) |
| 520 ## - SUMMARY, ETC. | |
| Summary, etc. | The results of a Property Litigation Association survey of its members indicate that the service provided to the property industry by county courts in England and Wales is often unsatisfactory. The main findings reveal a wide disparity in communications throughout the whole country, county court staff have little understanding of the needs of property litigation and that the response times involved in the litigation process are too slow. Concludes with a look at future plans for reform. |
| 590 ## - LOCAL NOTE (RLIN) | |
| Local note | ABS |
| 650 ## - SUBJECT ADDED ENTRY--TOPICAL TERM | |
| Topical term or geographic name entry element | PROPERTY LITIGATION ASSOCIATION |
| 650 ## - SUBJECT ADDED ENTRY--TOPICAL TERM | |
| Topical term or geographic name entry element | COUNTY COURT SERVICES |
| 650 ## - SUBJECT ADDED ENTRY--TOPICAL TERM | |
| Topical term or geographic name entry element | PROPERTY LITIGATION |
| 650 ## - SUBJECT ADDED ENTRY--TOPICAL TERM | |
| Topical term or geographic name entry element | REFORM |
| 650 ## - SUBJECT ADDED ENTRY--TOPICAL TERM | |
| Topical term or geographic name entry element | COMMUNICATIONS |
| 690 ## - LOCAL SUBJECT ADDED ENTRY--TOPICAL TERM (OCLC, RLIN) | |
| Topical term or geographic name as entry element | MANAGEMENT-BUSINESS MANAGEMENT-PROFESSIONAL PRACTICE |
| 942 ## - ADDED ENTRY ELEMENTS (KOHA) | |
| Suppress in OPAC | 0 |
| Withdrawn status | Lost status | Source of classification or shelving scheme | Damaged status | Not for loan | Home library | Current library | Shelving location | Date acquired | Total Checkouts | Full call number | Barcode | Date last seen | Copy number | Price effective from | Koha item type |
|---|---|---|---|---|---|---|---|---|---|---|---|---|---|---|---|
| Dewey Decimal Classification | London | London | Journal article | 06/08/2001 | ABS64298 | 113970-1001 | 06/08/2019 | 1 | 06/08/2019 | Journal article |